Droit civil. Les biens.
Saved in:
| Hovedforfatter: | |
|---|---|
| Format: | Bog |
| Udgivet: |
Paris, France:
Montchrestien,
2007.
|
| Udgivelse: | 13e édition |
| Serier: | Domat droit privé
|
| Fag: | |
| Tags: |
Tilføj Tag
Ingen Tags, Vær først til at tagge denne postø!
|
MARC
| LEADER | 00000nam a22000007a 4500 | ||
|---|---|---|---|
| 003 | CL-VaPUC | ||
| 005 | 20220822114732.0 | ||
| 008 | 220727t2007 ||||| |||| 00| 0 eng d | ||
| 999 | |c 437630 |d 437628 | ||
| 020 | |a 978-2-7076-1578-7 | ||
| 040 | |c Pontificia Universidad Católica de Valparaíso | ||
| 082 | 7 | |a 346.4404 COR 2007 |2 22 | |
| 100 | 1 | |a Cornu, Gérard |e auteur |9 874056 | |
| 245 | |a Droit civil. |b Les biens. | ||
| 250 | |a 13e édition | ||
| 260 | |a Paris, France: |b Montchrestien, |c 2007. | ||
| 300 | |a 377 páginas. | ||
| 490 | |a Domat droit privé | ||
| 500 | |a c.1 Donación Familia Prof. Alejandro Guzmán Brito. | ||
| 583 | |c 20220727 |k Catalogador Asistente | ||
| 650 | |a Propiedad |x Derecho |z Francia |9 872044 | ||
| 650 | |a Bienes |x Derecho |z Francia |9 872045 | ||
| 942 | |2 ddc |c BK |n 0 | ||
| 952 | |0 0 |1 0 |2 ddc |4 0 |6 346_440400000000000_COR_2007 |7 1 |8 C_AGB |9 585417 |a BIBDER |b BIBDER |d 2022-07-27 |e Donación |i 5653478 |o 346.4404 COR 2007 |p 5653478 |r 2023-01-25 |t 1 |w 2022-07-27 |y BK_US |k AGB | ||